|
|
|
|
| LEADER |
00000nam a2200000 i 4500 |
| 001 |
1/71400 |
| 008 |
990303s1986 gre d |
| 035 |
|
|
|l 10048313
|
| 040 |
|
|
|a GR-MY-UA
|b gre
|e aacr
|
| 041 |
0 |
|
|a gre
|
| 082 |
0 |
|
|a 658.3152
|
| 110 |
2 |
|
|a Ελληνικό Κέντρο Παραγωγικότητας.
|
| 245 |
1 |
0 |
|a Αυτοδιαχείριση και συμμετοχή των εργαζομένων :
|b επισκόπηση της διεθνούς και ελληνικής βιβλιογραφίας /
|c Ελληνικό Κέντρο Παραγωγικότητας
|
| 260 |
|
|
|a Αθήνα :
|b ΕΛΚΕΠΑ,
|c 1986
|
| 300 |
|
|
|a 118 σ.
|
| 504 |
|
|
|a Περιέχει βιβλιογραφία
|
| 650 |
0 |
0 |
|a Management
|x Employee participation.
|
| 852 |
|
|
|a INST
|b CHIOS
|e 19990305
|h 658.3152 ΝΙΚ
|p 005200014676
|q 005200014676
|t BK
|y 0
|
| 852 |
|
|
|a INST
|b CHIOS
|e 19990303
|h 658.3152 ΝΙΚ
|p 005200014810
|q 005200014810
|t BK
|y 0
|
| 901 |
|
|
|a BIBL-1999-1
|
| 909 |
|
|
|a Χ
|b 055462
|
| 909 |
|
|
|a Χ
|b 055506
|
| 922 |
|
|
|a 2ΔΩΡ
|b 199903
|d ΛΕΜΟΝΙΑ
|